Kraje świata o najniższym wskaźniku wolności prasy - Statystyki

Ogólne statystyki
  • Ten quiz został rozwiązany 63 razy
  • Średni wynik to 8 z 15
Statystyki odpowiedzi
Wskaźnik wolności prasy Państwo % Poprawnych
81,28 (179) Korea Północna
98%
78,72 (177) Chiny
80%
72,70 (174) Iran
71%
70,63 (173) Syria
63%
62,73 (170) Arabia Saudyjska
57%
56,17 (166) Egipt
55%
63,94 (171) Kuba
54%
62,35 (169) Jemen
52%
78,46 (175) Wietnam
52%
80,03 (178) Turkmenistan
46%
81,45 (180) Erytrea
41%
70,56 (172) Laos
41%
58,77 (167) Azerbejdżan
30%
61,10 (168) Bahrajn
18%
78,62 (176) Dżibuti
18%
Nie znaleziono quizów pasujących do podanych kryteriów
Rozkład punktacji
Procent ludzi z każdym wynikiem
Percentyl według liczby udzielonych odpowiedzi
Twoja historia wyników
Nie rozwiązałeś tego quizu